01101cam a22002291 4500001001300000003000400013005001700017008004100034010001700075035002000092040004600112042001200158050001600170100003500186245015600221260009200377300003800469490012600507500018500633650002400818650002900842gs 20000358 DLC20260227111324.0920629s1918 ag f 000 0 spa c ags 20000358  a(OCoLC)26102089 aLibrary, U.S. Geological SurveycCStdDLC apremarc00aQE231b.W471 aWichmann, Richard,d1881-1930.00aEstudios geológicos e hidrogeológicos en la región comprendida entre boca del Rio Negro,bSan Antonio y Choele-Choel,cpor el doctor Wichmann ... aBuenos Aires,bTalleres gráficos del Ministerio de agricultura de la nación,c1918. a4 p. l., [7]-44 p.bV pl.c27 cm.0 a[Agrentine Republic] Ministerio de agricultura. Sección geología, mineralogía y minería. Anales.vt. 13, núm. 3 aAt head of title: ... Dirección general de minas, geología e hidrologia. Contribución al conocimiento geológico de la República Argentina. III. Informes y comunicaciones. 0aGeologyzArgentina. 0aWater-supplyzArgentina.